000 00481nam a22001697a 4500
005 20231026091106.0
008 231026b |||||||| |||| 00| 0 eng d
020 _a062111345
041 _aAfrikaans
082 _a346.7 SOU
100 _a
_lAfrikaans
245 _aSuid-Afrikaanse Regskommissie Gevangesetting ten opsigte van skuld
260 _c1986
300 _bviii, 39 pages ;
_c26 cm.
650 _aLegal practice
_bLaw
942 _cBK
_6ALISON_BN_VRIES
999 _c76
_d76